000 00760nam a22003130a 4500
001 PT49570
003 AR-LpoUNG
005 20210131231308.0
008 191001s2011||||ag |||||||||||||||||spa d
020 _a9789871172696
_c$8,60
040 _aAR-LpoUNG
_bspa
_cAR-LpoUNG
_eaacr
041 _aspa
044 _aag
082 0 _aA863 943seg
100 1 _aGüiraldes, Ricardo
245 1 0 _aDon Segundo Sombra
250 _a1§ ed.
260 _aBuenos Aires :
_bEDUNTREF,
_c2011.
300 _a214 p. :
_bil.
650 4 _aARGENTINA
650 4 _aFOLKLORE
650 4 _aLITERATURA
651 4 _aArgentina
653 _aCOSTUMBRES
700 1 _aGoloboff, Mario
_epról.
700 1 _aSvanascini, Osvlado
_eil.
905 _a49570
942 _cLIB
999 _c9201
_d9201